Piłkarze Atalanty Bergamo - nagła śmierć - Statystyki

Ogólne statystyki
  • Ten quiz został rozwiązany 144 razy
  • Średni wynik to 7 z 11
Answers on the Grid
Answers color-coded by a green-red scale on the quiz's grid according to % correct below.
Andrea Pirlo
Filippo Inzaghi
Alessandro Bastoni
Arkadiusz Reca
Ademola Lookman
Paul Pogba
Alessandro Del Piero
Rayan Cherki
Cristian Romero
Wesley Sneijder
Chris Smalling
Dejan Kulusevski
Shinji Kagawa
Sebastian Walukiewicz
Rasmus Højlund
Łukasz Szukała
Granit Xhaka
Nicolò Zaniolo
Christian Eriksen
Charles De Ketelaere
Duván Zapata
Victor Osimhen
Juan Cuadrado
Fernando Muslera
 
Statystyki odpowiedzi
Odpowiedź % Poprawnych
Ademola Lookman
89%
Charles De Ketelaere
75%
Duván Zapata
74%
Arkadiusz Reca
73%
Juan Cuadrado
67%
Rasmus Højlund
66%
Nicolò Zaniolo
63%
Alessandro Bastoni
61%
Cristian Romero
57%
Dejan Kulusevski
47%
Filippo Inzaghi
40%
Nie znaleziono quizów pasujących do podanych kryteriów
Rozkład punktacji
Procent ludzi z każdym wynikiem
Percentyl według liczby udzielonych odpowiedzi
Twoja historia wyników
Nie rozwiązałeś tego quizu